000 00576nam a2200181Ia 4500
003 IN-BaIIA
008 211028s9999 xx 000 0 eng d
020 _a1-4020-1345-0
040 _cIIA Library
080 _a52(082.1)
_bASS-290
245 0 _aAstronomy communication
_cedited by A. Heck and Claus Madsen
260 _aDordrecht
_bKluwer Academic
_c2003
300 _aix, 226p.
490 _aAstrophysics and space science library; v. 290
650 _aAstronomy
_980
700 _aMadsen, Claus, ed.
_929577
942 _cBK
999 _c15995
_d15995